zpět

Detail výsledku týmu

Spirit Bar - Žižkov, Praha

Datum a čas kvízu

27 Celkem bodů Celkový počet nahraných bodů na tomto kvízu bez doplňovacích otázek.
9. Pořadí na kvízu Konečné umístění týmu na tomto kvízu.

Zaznamenané odpovědi

# Otázka Odpověď Body Výsledky
1. Hned tři akce naráz přerušilo... Kateřina Marie Tichá 1
2. Francouzský europoslanec Rapha... socha Svobody 1
3. Minulý týden jsme se dozvěděli... o akvadukt 0
4. Česká společnost Snuggs se sta... menstruační kalhotky 1
5. Jak se jmenuje vítěz ankety Fo... Tomáš Souček; West Ham (United) 0.5
6. Podíváme se na temné stránky d... Jan Želivský 0
7. Doba pobělohorská znamenala zá... Obnovené zřízení zemské 0
8. První světová válka znamenala... Osmanská říše 1
9. V období tzv. Protektorátu se... Josef Balabán, Josef Mašín, Václav Morávek 0.5
10. Seřaďte tyto komunistické prez... 1B 2D 3A 4C 0